[Event "Ostrava Cup"]
[Site "Ostrava"]
[Date "1998.??.??"]
[Round "4"]
[White "Stocek, Jiri"]
[Black "Polak, Tomas"]
[Result "0-1"]
[WhiteElo "2470"]
[BlackElo "2525"]

1.d4 Nf6 2.c4 e6 3.Nc3 Bb4 4.Nf3 c5 5.g3 cxd4 6.Nxd4 Ne4 7.Qd3 Bxc3+ 8.bxc3 Nc5
9.Qe3 b6 10.Bg2 Bb7 11.Bxb7 Nxb7 12.Qf3 Nc6 13.Nxc6 dxc6 14.Ba3 Rc8 15.O-O Qf6
16.Qxf6 gxf6 17.c5 Na5 18.cxb6 axb6 19.Bc1 Nc4 20.f4 Ke7 21.f5 e5 22.Bh6 Ra8
23.g4 Ra4 24.Rf3 Rha8 25.Kf2 Rxa2 26.Rd1 Ra1 27.Bc1 Rd8 28.Rg1 Nd6 29.c4 Ne4+
30.Kg2 Ra2 31.Re1 Rd4 32.Be3 Rxc4 33.Bxb6 Rb2 34.Be3 c5 35.h3 Rcc2 36.Rff1 Kd6
37.Rd1+ Kc6 38.Rd8 Rc3  0-1

[Event "Atom Cup IM 3rd"]
[Site "Paks"]
[Date "1998.??.??"]
[Round "4"]
[White "Nor, Igal"]
[Black "Senff, Martin"]
[Result "1/2-1/2"]
[WhiteElo "2280"]
[BlackElo "2395"]

1.d4 Nf6 2.c4 e6 3.Nc3 Bb4 4.Nf3 c5 5.e3 O-O 6.Be2 d5 7.cxd5 exd5 8.O-O Nc6
9.dxc5 Bxc5 10.a3 a6 11.b4 Bb6 12.Na4 Bc7 13.Bb2 Ne4 14.Nc3 Nxc3 15.Bxc3 Qd6
16.Qd3 Bg4 17.g3 Qd7 18.Rfd1 Rad8 19.Qc2 Rfe8 20.Qb2 Qf5 21.Nd4 Nxd4 22.Bxd4 Bxe2
23.Qxe2 h5 24.Rac1 Bb8 25.Qf1 h4 26.Qg2 h3 27.Qf1 Re6 28.Bc5 b5 29.Rd4 Re4  1/2-1/2

[Event "Atom Cup GM 3rd"]
[Site "Paks"]
[Date "1998.??.??"]
[Round "11"]
[White "Molnar, Bela"]
[Black "Vujosevic, Vladimir"]
[Result "0-1"]
[WhiteElo "2340"]
[BlackElo "2370"]

1.d4 Nf6 2.c4 e6 3.Nc3 Bb4 4.Nf3 c5 5.e3 Nc6 6.Bd3 Bxc3+ 7.bxc3 d6 8.O-O e5
9.Ng5 O-O 10.Qc2 h6 11.Ne4 Nxe4 12.Bxe4 exd4 13.cxd4 cxd4 14.Rd1 Be6 15.exd4 d5
16.Bf3 Qd7 17.Bf4 Rac8 18.Qa4 dxc4 19.d5 Nd4 20.Qxd7 Nxf3+ 21.gxf3 Bxd7 22.Be3 b6
23.a4 c3 24.Rdc1 Rfd8 25.a5 Bh3 26.axb6 axb6 27.Ra6 Rxd5 28.Bxb6 Rd6 29.Rca1 c2  0-1

[Event "HUN-ch op"]
[Site "Pecs"]
[Date "1998.??.??"]
[Round "9"]
[White "Krutti, Valer"]
[Black "Anka, Emil"]
[Result "0-1"]
[WhiteElo "2370"]
[BlackElo "2420"]

1.d4 Nf6 2.Nf3 e6 3.c4 Bb4+ 4.Nc3 c5 5.g3 O-O 6.Bg2 cxd4 7.Nxd4 d5 8.cxd5 Nxd5
9.Bd2 Bxc3 10.bxc3 e5 11.Nb3 Nc6 12.O-O Nde7 13.c4 Qc7 14.Qc2 Bf5 15.Qb2 b6
16.a4 Rab8 17.Rfc1 Rfd8 18.Qa3 Be6 19.a5 b5 20.Nc5 Rxd2 21.Na6 b4 22.Qe3 Qd7
23.Nxb8 Nxb8 24.Qxe5 Nbc6 25.Qe3 Qd4 26.Qf3 Bg4  0-1

[Event "Regensburg op"]
[Site "Regensburg"]
[Date "1998.??.??"]
[Round "5"]
[White "Wells, Peter K"]
[Black "Gipslis, Aivars"]
[Result "1/2-1/2"]
[WhiteElo "2530"]
[BlackElo "2450"]

1.d4 Nf6 2.c4 e6 3.Nc3 Bb4 4.Nf3 c5 5.g3 cxd4 6.Nxd4 O-O 7.Bg2 d5 8.cxd5 Nxd5
9.Qb3 Nc6 10.Nxc6 bxc6 11.O-O Qa5 12.Bd2 Bxc3 13.bxc3 Ba6 14.Rfd1 Qc5 15.e4 Bc4
16.Qa4 Nb6 17.Qb4 Qxb4 18.cxb4 Bb5 19.Bg5 h6 20.Be7 Rfc8 21.Bf1 a5 22.bxa5 Rxa5
23.Rd8+ Rxd8 24.Bxd8 Ra6 25.Bxb6  1/2-1/2

[Event "ISL-chT9899"]
[Site "Reykjavik"]
[Date "1998.??.??"]
[Round "?"]
[White "Karason, Askell O"]
[Black "Thorsson, Olafur"]
[Result "1-0"]
[WhiteElo "2270"]
[BlackElo "2205"]

1.d4 Nf6 2.c4 e6 3.Nc3 Bb4 4.Nf3 Ne4 5.Qc2 f5 6.e3 b6 7.Bd3 Bb7 8.Bd2 Bxc3
9.Bxc3 O-O 10.O-O-O d6 11.Ne1 Qh4 12.f3 Nf2 13.g3 Nxd3+ 14.Nxd3 Qh6 15.Qf2 Nd7
16.Rhe1 a6 17.h4 b5 18.cxb5 axb5 19.Kb1 Nb6 20.Rc1 Qh5 21.Rf1 Nd5 22.b3 Ra7
23.Nf4 Nxf4 24.gxf4 Bd5 25.Rc2 Qe8 26.Qg2 Qa8 27.Re2 b4 28.Ba1 Rf6 29.h5 Rf7
30.e4 Bxb3 31.exf5 exf5 32.Rfe1 Rf8 33.d5 c5 34.Re7 Bxa2+ 35.Kc1  1-0

[Event "Santiago Esucomex op"]
[Site "Santiago"]
[Date "1998.??.??"]
[Round "4"]
[White "Guerb, Leonid"]
[Black "Ahumada, C."]
[Result "1-0"]
[WhiteElo "2255"]
[BlackElo "2055"]

1.d4 Nf6 2.Nf3 e6 3.c4 Bb4+ 4.Nc3 c5 5.e3 Nc6 6.Bd3 Bxc3+ 7.bxc3 d6 8.O-O O-O
9.e4 e5 10.d5 Ne7 11.Nh4 Ng6 12.Nf5 Re8 13.Qf3 h6 14.g4 Nh7 15.Qg3 Ne7 16.Kh1 Kh8
17.Rg1 Nxf5 18.gxf5 Rg8 19.Bd2 g5 20.fxg6 Rxg6 21.Qe3 Ng5 22.f4 exf4 23.Qxf4 Nh3
24.Rxg6 Nxf4 25.Rxh6+ Kg7 26.Bxf4 Qa5 27.Rg1+ Kf8 28.Bxd6+ Ke8  1-0

[Event "ECI opJ 25th"]
[Site "Sas Van Gent"]
[Date "1998.??.??"]
[Round "5"]
[White "Hughes, Gareth"]
[Black "Ballo, Emanuel"]
[Result "0-1"]
[WhiteElo "2110"]
[BlackElo "2200"]

1.d4 Nf6 2.c4 e6 3.Nc3 Bb4 4.Nf3 c5 5.d5 d6 6.g3 Bxc3+ 7.bxc3 e5 8.Bg2 Kd7
9.O-O Kc7 10.Ng5 Qe7 11.f4 Nbd7 12.Qc2 h6 13.Ne4 Nxe4 14.Qxe4 Re8 15.f5 Nf6
16.Qh4 e4 17.g4 b6 18.g5 hxg5 19.Bxg5 Ba6 20.Bxf6 Qxf6 21.Qxf6 gxf6 22.Rf4 Bxc4
23.Rxe4 Rxe4 24.Bxe4 Bxe2 25.Re1 Bc4 26.Bf3 Kd7 27.Be2 Re8 28.Kf2 Bxe2 29.Rxe2 Rxe2+
30.Kxe2 b5 31.Kd3 Ke8 32.c4 a6 33.Kc3 Kf8 34.Kb3 Kg7 35.cxb5 axb5 36.a4 bxa4+
37.Kxa4 Kh6 38.h4 Kh5 39.Kb5 Kxh4  0-1

[Event "Tatry op"]
[Site "Tatranska Lomnica"]
[Date "1998.??.??"]
[Round "5"]
[White "Veselsky, Jozef"]
[Black "Kacmarik, Lukas"]
[Result "1-0"]
[WhiteElo "2275"]
[BlackElo "2130"]

1.d4 Nf6 2.Nf3 e6 3.c4 Bb4+ 4.Nc3 O-O 5.Qc2 Nc6 6.Bg5 d6 7.e3 e5 8.d5 Nb8
9.Bd3 h6 10.Bh4 Re8 11.Nd2 Nbd7 12.O-O a5 13.a3 Bxc3 14.Qxc3 a4 15.b4 axb3
16.Nxb3 Nc5 17.Nxc5 dxc5 18.f3 Qd6 19.Bc2 Ra6 20.Rfb1 b6 21.a4 Ra5 22.Be1 Ra8
23.a5 Nd7 24.Qd3 g6 25.Ba4 bxa5 26.Bc6 Ra6 27.Bb5 Ra8 28.Bxa5 Ba6 29.Bxc7 Qxc7
30.Bxa6 Qd6 31.Bb5 Reb8 32.Bc6 Rxa1 33.Rxa1 Rb6 34.Qc3 Rxc6 35.dxc6 Qxc6
36.Rd1  1-0

[Event "Vienna op 13th"]
[Site "Vienna"]
[Date "1998.??.??"]
[Round "?"]
[White "Wiedermann, Franz"]
[Black "Grabher, Heinz"]
[Result "1-0"]
[WhiteElo "2160"]
[BlackElo "2260"]

1.d4 Nf6 2.c4 e6 3.Nc3 Bb4 4.Nf3 O-O 5.Qc2 c5 6.dxc5 Na6 7.Bf4 Nxc5 8.a3 Bxc3+
9.Qxc3 Nce4 10.Qc2 d5 11.h3 dxc4 12.Qxc4 Qb6 13.Qd4 Qb3 14.g4 b6 15.g5 Bb7
16.gxf6 Rfd8 17.Qb4 Qd5 18.Bg2 Qf5 19.Be3 g5 20.Nxg5 Nxf2 21.Bxb7 Nxh1 22.Qe7 Qg6
23.Be4 Qh5 24.Bxh7+  1-0

[Event "POL-chT2"]
[Site "Wisla"]
[Date "1998.??.??"]
[Round "?"]
[White "Kasperek, Wieslaw"]
[Black "Grossmann, Ryszard"]
[Result "1/2-1/2"]
[WhiteElo "2230"]
[BlackElo "2200"]

1.d4 Nf6 2.c4 e6 3.Nc3 Bb4 4.Nf3 b6 5.Bg5 h6 6.Bxf6 Qxf6 7.e3 Bb7 8.Rc1 g5
9.a3 Be7 10.Qc2 d6 11.d5 Nd7 12.Be2 Ne5 13.O-O Nxf3+ 14.Bxf3 O-O 15.Rfd1 Kg7
16.Nb5 Bd8 17.Nd4 Re8 18.Rd2 a6 19.dxe6 Bxf3 20.exf7 Qxf7 21.Nxf3 Bf6 22.b4 Qg6
23.Qxg6+ Kxg6 24.c5 dxc5 25.bxc5 b5 26.Rd7 Bb2 27.Rcd1 Bxa3 28.Rxc7 Red8
29.Rc6+ Kg7 30.Nd4 Kf7 31.Rb1 Rdc8 32.Rxh6 Bxc5 33.Nf3 Be7 34.g4 b4 35.Ne5+ Kg7
36.Re6 Bc5 37.Rd1 Rc7 38.Rg6+ Kh7 39.Rxg5 a5 40.Rh5+ Kg7 41.Rg5+ Kh7 42.Rh5+ Kg7
43.Rg5+ Kh7  1/2-1/2

[Event "Ardid mem 10th op"]
[Site "Zaragoza"]
[Date "1998.??.??"]
[Round "9"]
[White "Campos Moreno, Javier B"]
[Black "Romanishin, Oleg M"]
[Result "1/2-1/2"]
[WhiteElo "2490"]
[BlackElo "2570"]

1.d4 Nf6 2.c4 e6 3.Nc3 Bb4 4.Nf3 c5 5.g3 cxd4 6.Nxd4 O-O 7.Bg2 d5 8.cxd5 Nxd5
9.Qb3 Qb6 10.Bxd5 exd5 11.Be3 Qa5 12.O-O Bxc3 13.bxc3  1/2-1/2

[Event "Trinec op"]
[Site "Trinec"]
[Date "1999.01.02"]
[Round "8"]
[White "Dekker, Andries"]
[Black "Ptacnikova, Lenka"]
[Result "0-1"]
[WhiteElo "2225"]
[BlackElo "2260"]

1.d4 Nf6 2.c4 e6 3.Nf3 Bb4+ 4.Nc3 c5 5.g3 O-O 6.Bg2 Nc6 7.O-O Bxc3 8.bxc3 Na5
9.Qd3 d6 10.Bf4 Nh5 11.Be3 Qe7 12.Nd2 f5 13.Bf3 Nf6 14.Bg5 h6 15.Bxf6 Rxf6
16.Nb3 Nxb3 17.axb3 e5 18.dxe5 dxe5 19.Qd5+ Kh7 20.Rfd1 e4 21.Bg2 Be6 22.Qe5 b6
23.Bxe4 Re8 24.Bf3 Qf7 25.Qf4 g5 26.Qd2 f4 27.Be4+ Kg7 28.Bd3 fxg3 29.hxg3 Rxf2
30.Rxa7 Qxa7 31.Kxf2 Qc7 32.Bc2 Bg4 33.Bd3 Bh3 34.Rg1 Rf8+ 35.Ke3 Qe5+ 36.Be4 Re8
37.Qd5 Bf5 38.Qb7+ Re7  0-1

[Event "Linares Anibal op"]
[Site "Linares"]
[Date "1999.01.08"]
[Round "1"]
[White "Rashkovsky, Nukhim N"]
[Black "Lorenzo Duran, Marcos"]
[Result "1-0"]
[WhiteElo "2535"]
[BlackElo "2225"]

1.d4 Nf6 2.Nf3 e6 3.c4 Bb4+ 4.Nc3 b6 5.Bg5 h6 6.Bh4 Bb7 7.Nd2 c5 8.a3 Bxc3
9.bxc3 d6 10.e3 e5 11.d5 g5 12.Bg3 Qe7 13.Bd3 e4 14.Bc2 O-O 15.h4 Re8 16.hxg5 hxg5
17.Bxe4 Nbd7 18.Bd3 Ne5 19.Qc2 b5 20.Bxe5 dxe5 21.e4 bxc4 22.Nxc4 Ba6 23.Ne3 c4
24.Nf5 Qd8 25.Be2 Bc8 26.Ne3 Kg7 27.Bxc4 Bd7 28.Bd3 Rc8 29.c4 Rh8 30.Rxh8 Qxh8
31.Qc3 Qh1+ 32.Ke2 Qh2 33.Rf1 Rb8 34.c5 Ng4 35.Nxg4 Bxg4+ 36.Ke1 f6 37.f3 Qh4+
38.Ke2 Bc8 39.Rf2 Qh2 40.c6 g4 41.Kd2 gxf3 42.Rxf3 Qxg2+ 43.Be2 Bg4 44.c7 Rh8
45.d6 Rh3 46.c8=Q Bxc8 47.Qc7+  1-0

[Event "Linares Anibal op"]
[Site "Linares"]
[Date "1999.01.09"]
[Round "2"]
[White "Gonzalez Garcia, Jose"]
[Black "Gonzalez Aguirre, Luis"]
[Result "1-0"]
[WhiteElo "2445"]
[BlackElo "2150"]

1.d4 Nf6 2.c4 e6 3.Nc3 Bb4 4.Nf3 d5 5.cxd5 exd5 6.Bg5 Nbd7 7.e3 c5 8.Bd3 Qa5
9.Qc2 c4 10.Bf5 O-O 11.O-O g6 12.Bh3 Bxc3 13.bxc3 Re8 14.Bh4 Ne4 15.Rfc1 Kg7
16.a4 Nb6 17.Bxc8 Raxc8 18.h3 f6 19.Nh2 Re6 20.f3 Nd6 21.Nf1 Rce8 22.Bg3 Nbc8
23.Re1 Qd8 24.Rab1 Qe7 25.Bf2 b6 26.g4 Nf7 27.Kg2 Ncd6 28.Ng3 Qb7 29.h4 Qa8
30.h5 g5 31.Re2 R6e7 32.Rbe1 Nh6 33.Qb1 Qc6 34.a5 b5 35.Kh3 a6 36.Bg1 Qa8
37.Qb4 Qc6 38.Qc5 Qxc5 39.dxc5 Nb7 40.e4 dxe4 41.Nxe4 Nf7 42.Nd6 Rxe2 43.Nxe8+ Rxe8
44.Rxe8 Nxa5 45.h6+ Kg6 46.Rg8+ Kxh6 47.c6  1-0

[Event "Linares Anibal op"]
[Site "Linares"]
[Date "1999.01.10"]
[Round "3"]
[White "Rashkovsky, Nukhim N"]
[Black "Rodriguez Lopez, Rafael"]
[Result "1-0"]
[WhiteElo "2535"]
[BlackElo "2345"]

1.d4 Nf6 2.c4 e6 3.Nc3 Bb4 4.Nf3 c5 5.e3 Nc6 6.Bd3 Bxc3+ 7.bxc3 d6 8.O-O e5
9.Nd2 O-O 10.Bb2 Re8 11.h3 e4 12.Bc2 Qe7 13.f3 exf3 14.Rxf3 Nd8 15.Qe2 Nd7
16.Raf1 Nf8 17.Ne4 Bd7 18.Qf2  1-0

[Event "EUCup final 14th"]
[Site "Belgrade"]
[Date "1999.01.13"]
[Round "3"]
[White "Greenfeld, Alon"]
[Black "Kurajica, Bojan"]
[Result "1-0"]
[WhiteElo "2521"]
[BlackElo "2536"]

1.d4 Nf6 2.Nf3 e6 3.c4 Bb4+ 4.Nc3 d6 5.Qc2 Nbd7 6.g3 b6 7.Bg2 Bb7 8.O-O Bxc3
9.Qxc3 c5 10.b3 O-O 11.Bb2 Rc8 12.Rfd1 Qe7 13.d5 exd5 14.cxd5 Qxe2 15.Rd2 Qe7
16.Re1 Qd8 17.Nh4 Re8 18.Rde2 Rxe2 19.Rxe2 Ba6 20.Re1 Qf8 21.Nf5 Re8 22.Rxe8 Qxe8
23.Nxd6 Qe2 24.h3 Bd3 25.Nc4 Be4 26.Bf1 Qh5 27.Ne3 Qg6 28.Qc4 h5 29.Be2 Bb1
30.h4 Be4 31.a4 Kh7 32.Kh2 Bb1 33.Bf3 Bd3 34.Qc1 Be4 35.Qd1 Bxf3 36.Qxf3 Qe4
37.Kg2 Kg6 38.d6 Qe6 39.Qf4 Qe8 40.Qf5+ Kh6 41.Bxf6 Nxf6 42.g4 hxg4 43.d7  1-0

[Event "Tapolca op"]
[Site "Budapest"]
[Date "1999.01.15"]
[Round "8"]
[White "Krutti, Valer"]
[Black "Cselotei, Ivan"]
[Result "1-0"]
[WhiteElo "2360"]
[BlackElo "2245"]

1.d4 Nf6 2.c4 e6 3.Nc3 Bb4 4.Nf3 d5 5.Bg5 c5 6.cxd5 exd5 7.Rc1 Nbd7 8.dxc5 Nxc5
9.Qd4 Bxc3+ 10.Qxc3 Nce4 11.Bxf6 Qxf6 12.Qxf6 Nxf6 13.e3 O-O 14.Bd3 Bd7 15.Kd2 Rac8
16.h3 Ne4+ 17.Ke2 f5 18.Nd4 a6 19.Rhd1 Rxc1 20.Rxc1 Rc8 21.Rxc8+ Bxc8 22.Bc2 Kf7
23.Bxe4 dxe4 24.h4 Kf6 25.Kd2 Ke5 26.Kc3 Kd5 27.Ne2 h6 28.Kb4 g5 29.hxg5 hxg5
30.Nc3+ Kd6 31.Kc4 Be6+ 32.Kd4 b5 33.a3 g4 34.Ne2 Bc4 35.Nf4 Bf7 36.Ne2 Bc4
37.Ng3 Be6 38.Nh5 a5 39.Ng7 Bd7 40.b4 axb4 41.axb4 Be6 42.Nxe6 Kxe6 43.Kc5 f4
44.g3 f3 45.Kd4  1-0

[Event "Hoogovens 5'"]
[Site "Wijk aan Zee"]
[Date "1999.01.18"]
[Round "9"]
[White "Anand, Viswanathan"]
[Black "Timman, Jan H"]
[Result "1/2-1/2"]
[WhiteElo "2784"]
[BlackElo "2649"]

1.d4 Nf6 2.c4 e6 3.Nf3 Bb4+ 4.Nc3 O-O 5.Bg5 c5 6.Rc1 cxd4 7.Nxd4 h6 8.Bh4 Nc6
9.a3 Bxc3+ 10.Rxc3 g5 11.Bg3 Ne4 12.Nb5 Nxc3 13.Nxc3 d5 14.cxd5 exd5 15.Qxd5 Be6
16.Qxd8 Rfxd8 17.e3 Rac8 18.h4 g4 19.Be2 Na5 20.Be5 Nc4 21.Bxc4 Bxc4 22.Bd4 b6
23.h5 f5 24.f3 gxf3 25.gxf3 Kf7 26.Kf2 Rg8 27.Rh4 Rg5 28.Rf4 Rxh5 29.Ne4 Ke6
30.Ng3 Rg5 31.e4 fxe4 32.Nxe4 Rg6 33.Bc3 Bd5 34.Ng3 Rc7 35.Ne2 Rf7 36.Nd4+ Kd7
37.Rh4 Rf8 38.Rh5 Bc4 39.Rh4 Bd5 40.Rh5 Be6 41.Rh4 Rc8 42.Rh5 Rc5 43.Rh4 h5
44.Ne2 Rf5 45.Nf4 Rh6 46.Ne2 Bd5 47.Nd4 Rf7 48.Bd2 Rh8 49.Bc3 Rhh7 50.Bd2 Rf8
51.Bc3 a5 52.Bd2 Kd6 53.Bc3 Rff7 54.Bd2  1/2-1/2

[Event "AUT-chT2M 9899"]
[Site "Austria"]
[Date "1999.01.23"]
[Round "6"]
[White "Kaiser, Wolfgang"]
[Black "Hellmayr, Alois"]
[Result "0-1"]
[WhiteElo "2395"]
[BlackElo "2240"]

1.d4 Nf6 2.c4 e6 3.Nc3 Bb4 4.Nf3 b6 5.Bg5 Bb7 6.e3 h6 7.Bh4 c5 8.Bd3 cxd4
9.exd4 Bxf3 10.gxf3 Nc6 11.a3 Be7 12.Ne2 Rc8 13.b4 Nh5 14.Bxe7 Qxe7 15.Qd2 Qf6
16.Qe3 O-O 17.f4 Ne7 18.Qf3 g6 19.Rg1 Ng7 20.Rd1 d5 21.c5 bxc5 22.bxc5 Rb8
23.Ba6 e5  0-1

[Event "Goodricke 10th op"]
[Site "Calcutta"]
[Date "1999.02.06"]
[Round "1"]
[White "Rogozenko, Dorin"]
[Black "Roktim, Bandyopadhyay"]
[Result "1-0"]
[WhiteElo "2555"]
[BlackElo "2370"]

1.d4 e6 2.c4 Nf6 3.Nc3 Bb4 4.Nf3 b6 5.Bg5 Bb7 6.e3 h6 7.Bh4 Bxc3+ 8.bxc3 Nc6
9.Bd3 Qe7 10.Nd2 O-O-O 11.c5 g5 12.Bg3 Nd5 13.cxb6 axb6 14.c4 Ndb4 15.Be2 f5
16.Nb3 e5 17.d5 f4 18.dxc6 dxc6 19.Qb1 fxg3 20.hxg3 e4 21.c5 Nd3+ 22.Bxd3 exd3
23.O-O g4 24.Rd1 h5 25.Rxd3 Rdf8 26.Rd4 h4 27.Qe4 hxg3 28.Qxg4+ Kb8 29.Qxg3 Qh7
30.f3 Qe7 31.Re4  1-0

[Event "Goodricke 10th op"]
[Site "Calcutta"]
[Date "1999.02.08"]
[Round "3"]
[White "Chiong, Luiz"]
[Black "Goswami, Vedant"]
[Result "1/2-1/2"]
[WhiteElo "2390"]
[BlackElo "2235"]

1.d4 Nf6 2.c4 e6 3.Nf3 Bb4+ 4.Nc3 b6 5.Bg5 Bb7 6.e3 h6 7.Bh4 g5 8.Bg3 Ne4
9.Qc2 Bxc3+ 10.bxc3 d6 11.Nd2 Nxd2 12.Qxd2 h5 13.h4 g4 14.Qc2 Nd7 15.e4 e5
16.Bd3 Qf6 17.c5 dxc5 18.d5 O-O-O 19.O-O Qe7 20.a4 a5 21.Qe2 Rhg8 22.Ba6 Rg7
23.Rfb1 Nb8 24.Bxb7+ Kxb7 25.Rb5 Kc8 26.Rab1 Qd6 27.R1b3 f6 28.Kh2 Rdg8 29.Qb2 Nd7
30.Qe2 Kd8 31.Rb1 Ke7 32.R5b2 Rb8 33.Qe3 Rg6 34.Rb5 Rf8 35.R5b2 Rh8 36.Rf1 Rhg8
37.Rg1 c4 38.Qe2 Qa3 39.Ra2 Qxc3 40.Rc2 Qd3 41.Qxd3 cxd3 42.Rxc7 Rb8 43.Rd1 Kd8
44.Rc6 Rc8 45.Rxd3 Nc5 46.Rxc8+ Kxc8 47.Rc3 Kd7 48.Rc4 Kd6 49.f3 gxf3 50.gxf3 f5
51.Bf2 fxe4 52.fxe4 Rg4 53.Bxc5+ bxc5 54.Kh1 Rxh4+ 55.Kg2 Rf4 56.Kg3 Rf1
57.Rc2 h4+ 58.Kg2 Rf4  1/2-1/2

[Event "Goodricke 10th op"]
[Site "Calcutta"]
[Date "1999.02.08"]
[Round "3"]
[White "Deshmukh, Anup"]
[Black "Ravi, Thandalam Shanmugam"]
[Result "1-0"]
[WhiteElo "2430"]
[BlackElo "2335"]

1.d4 Nf6 2.c4 e6 3.Nc3 Bb4 4.Nf3 b6 5.g3 Ba6 6.Bg2 Bxc3+ 7.bxc3 Bxc4 8.Nd2 Bd5
9.e4 Bb7 10.O-O d5 11.e5 Nfd7 12.f4 f5 13.Ba3 h5 14.Nf3 Nf8 15.Ng5 Qd7 16.c4 c6
17.Rc1 dxc4 18.Rxc4 Na6 19.Bd6 Nc7 20.Bxc7 Qxc7 21.d5 c5 22.Qa4+ Qd7 23.Qxd7+ Kxd7
24.dxe6+ Kc7 25.Bxb7 Kxb7 26.Rd1 Ka6 27.Rc3 Rh6 28.e7 Ne6 29.Ra3+ Kb7 30.Nf7 Nd4
31.Nd8+  1-0

[Event "ISL-chT9899"]
[Site "Reykjavik"]
[Date "1999.03.05"]
[Round "?"]
[White "Thorsteins, Karl"]
[Black "Ulfarsson, Magnus Orn"]
[Result "1/2-1/2"]
[WhiteElo "2493"]
[BlackElo "2290"]

1.d4 Nf6 2.c4 e6 3.Nc3 Bb4 4.Nf3 d5 5.cxd5 Nxd5 6.Qc2 c5 7.e3 Nc6 8.Bd3 cxd4
9.exd4 Bd7 10.O-O Bxc3 11.bxc3 Rc8 12.Bg5 f6 13.Bd2 Ncb4 14.Bg6+ Kf8 15.Qb3 hxg6
16.cxb4 g5 17.h3 g4 18.hxg4 Qe8 19.Rac1 Rd8 20.Rfe1 Qg6 21.Nh2 Rh4 22.Qg3 Qh7
23.f4 Kf7 24.f5 exf5 25.Qd6 Rxh2 26.Qxh2 Qxh2+ 27.Kxh2 fxg4 28.Rc5 Be6 29.a4 Rh8+
30.Kg3 Rd8 31.b5 Rd7 32.Kf2 Ne7 33.Be3 Nf5 34.Rc8 Nd6 35.Ra8 b6 36.Rc1 Bd5
37.Rh8 g5 38.Kg1 g3 39.Bd2 Nf5 40.Rhc8 Kg6 41.R8c7 Rd8 42.Rc8 Rd7 43.R8c7 Rd8
44.Re1 Rh8 45.Rd7 Bxg2 46.Kxg2 Rh2+ 47.Kf3 Rf2+ 48.Kg4 Rxd2  1/2-1/2

[Event "Victor Ciocaltea Memorial"]
[Site "Bucharest"]
[Date "1999.03.14"]
[Round "11"]
[White "Florean, Andrei"]
[Black "Rogozenko, Dorin"]
[Result "0-1"]
[WhiteElo "2459"]
[BlackElo "2557"]

1.d4 Nf6 2.c4 e6 3.Nc3 Bb4 4.Nf3 O-O 5.Bg5 c5 6.e3 cxd4 7.exd4 h6 8.Bh4 Qa5
9.Qc2 Ne4 10.Rc1 d5 11.Bd3 Qxa2 12.Bxe4 dxe4 13.Nd2 Qa5 14.Qxe4 f5 15.Qd3 e5
16.f4 exd4 17.Qxd4 Re8+ 18.Kd1 Be6 19.Qe5 Qxe5 20.fxe5 Nc6 21.Re1 g5 22.Bf2 Rad8
23.Kc2 Bf7 24.b3 Ba3 25.Rcd1 Nb4+ 26.Kb1 Nd3 27.Re2 Nf4 28.Re3 Bh5 29.Nf3 Nxg2
30.Red3 Rxd3 31.Rxd3 Nf4  0-1

[Event "BCF-chT 98/99 (4NCL)"]
[Site "GBR"]
[Date "1999.03.20"]
[Round "7"]
[White "Buckley, Graeme"]
[Black "Parker, Jonathan"]
[Result "1/2-1/2"]
[WhiteElo "2285"]
[BlackElo "2522"]

1.d4 Nf6 2.c4 e6 3.Nc3 Bb4 4.Nf3 b6 5.Bg5 Bb7 6.e3 h6 7.Bh4 g5 8.Bg3 Ne4
9.Nd2 Nxc3 10.bxc3 Bxc3 11.Rc1 Bb4 12.h4 c5 13.d5 Qf6 14.Be2 exd5 15.Bf3 Nc6
16.O-O gxh4 17.Bh2 Ne5 18.Bxe5 Qxe5 19.cxd5 Bxd2 20.Qxd2 O-O-O 21.Rc4 h3
22.g3 Rhg8 23.Rf4 f5 24.Kh2 d6 25.a4 Ba6 26.Rb1 Rd7 27.Kxh3 Rc7 28.Kg2 c4
29.Rh1 Bb7 30.Rh5 Rg5 31.Rxh6 c3 32.Qd4 Qxd4 33.Rxd4 Rc5 34.Rh8+ Kc7 35.Rh7+ Kb8
36.Rh1 a6 37.Rc1 b5 38.axb5 axb5 39.Rb4 Rg8 40.Rb3 Rgc8 41.Kf1 Ka7 42.Ke2 Kb6
43.Bg2 Rc4 44.Bh3 Bxd5 45.Bxf5 R4c5 46.Rb4 Bc4+ 47.Rxc4 Rxc4 48.Bxc8 Rxc8
49.Kd3 b4 50.g4 Kb5 51.g5 Ka4 52.Ra1+ Kb5 53.Rc1 Ka4 54.Ra1+  1/2-1/2

[Event "Novgorod op"]
[Site "Novgorod"]
[Date "1999.03.20"]
[Round "2"]
[White "Nadanian, Ashot"]
[Black "Loginov, Anton"]
[Result "1-0"]
[WhiteElo "2413"]
[BlackElo "2320"]

1.d4 Nf6 2.c4 e6 3.Nf3 Bb4+ 4.Nc3 c5 5.e3 Bxc3+ 6.bxc3 d6 7.Bd3 Nc6 8.O-O O-O
9.e4 e5 10.dxc5 dxc5 11.h3 Qa5 12.Qc2 Rd8 13.Be3 b6 14.Rab1 Qa6 15.Be2 Be6
16.Rb5 Ne8 17.Ng5 Nd6 18.Nxe6 fxe6 19.Bg5 Rd7 20.Rd1 Qc8 21.Rbb1 Qe8 22.Bh4 Ne7
23.Rd2 Nf7 24.Rxd7 Qxd7 25.Rd1 Qe8 26.Bh5 Ng6 27.Bxg6 hxg6 28.Qd2 Qa4 29.Qe2 Re8
30.Kh2 g5 31.Bg3 Re7 32.Qd3 Qxa2 33.h4 gxh4 34.Bxh4 Rb7 35.Rd2 Qa4 36.Qg3 Kf8
37.Rd3 a5 38.Rf3 Qxc4 39.Qg6 Kg8 40.Bf6 Nd6 41.Bxe5 Qxe4 42.Rf8+  1-0

[Event "Bundesliga 9899"]
[Site "Germany"]
[Date "1999.03.21"]
[Round "13.2"]
[White "Ribli, Zoltan"]
[Black "Nielsen, Peter Heine"]
[Result "1/2-1/2"]
[WhiteElo "2582"]
[BlackElo "2515"]

1.d4 Nf6 2.c4 e6 3.Nc3 Bb4 4.Nf3 c5 5.g3 cxd4 6.Nxd4 O-O 7.Bg2 d5 8.cxd5 Nxd5
9.Qb3 Qb6 10.Bxd5 exd5 11.Be3 Nc6 12.Nxc6 Qxc6 13.Qxb4 d4 14.f3 dxc3 15.Qxc3 Qxc3+
16.bxc3 Bd7 17.Bd4 Rfc8 18.Kf2 Rc4 19.h4 Ra4 20.g4 Ra3 21.Rhb1 b6 22.Rb3 Ra5
23.a3 f6 24.h5 Kf7 25.e4 Rh8 26.Kg3 g6 27.hxg6+ hxg6 28.Rbb1 Be8 29.c4 Bc6
30.c5 Rd8 31.cxb6 Rxd4 32.b7 Bxb7 33.Rxb7+ Ke6 34.Rc1 Rxa3 35.Rc6+ Rd6 36.Rcc7 Ke5
37.g5 fxg5 38.Re7+ Re6 39.Rb5+ Kf6 40.Rxe6+ Kxe6 41.Rxg5 Kf6 42.Rc5 Ra6 43.Rc7 Ra5
44.f4 Ra1 45.Rc6+ Kf7 46.Kf3 Ra3+ 47.Kg4 Ra1 48.e5 Rg1+ 49.Kf3 Rf1+ 50.Ke3 Re1+
51.Kf2 Ra1 52.Rc7+ Ke6 53.Rg7 Kf5 54.Rf7+ Ke4 55.e6 Ra6 56.Rf6 Kd5 57.e7 Ra2+
58.Kf3 Ra3+ 59.Kg4 Re3 60.Rxg6 Rxe7 61.Ra6 Kc5 62.f5 Kb5 63.f6 Rf7 64.Re6 a5
65.Kf5 a4 66.Kg6 Rf8 67.f7 a3 68.Re8 Rxf7 69.Kxf7 Kc4  1/2-1/2

[Event "Kraft Chess Cup"]
[Site "Skelleftea"]
[Date "1999.03.30"]
[Round "1.1"]
[White "Agrest, Evgenij"]
[Black "Wedberg, Tom"]
[Result "1-0"]
[WhiteElo "2533"]
[BlackElo "2493"]

1.d4 Nf6 2.c4 e6 3.Nc3 Bb4 4.Nf3 b6 5.Bg5 Bb7 6.Nd2 h6 7.Bh4 c5 8.a3 Bxc3
9.bxc3 O-O 10.e3 d6 11.a4 Nbd7 12.Bd3 Qc7 13.O-O e5 14.d5 Rae8 15.Qc2 Ba6
16.Rfe1 e4 17.Be2 g5 18.Bg3 Ne5 19.a5 Bc8 20.axb6 axb6 21.Reb1 Bf5 22.Qa4 Re7
23.Bxe5 dxe5 24.Qb5 Nd7 25.Bd1 Bg6 26.Ra6 Rc8 27.Rba1 f5 28.Ra7 Qd6 29.Ba4 Be8
30.Qa6 Rb8 31.Rb1 g4 32.Nf1 Kg7 33.Bc6 h5 34.Qb5 Nf8 35.Rxe7+ Qxe7 36.Bxe8 Qxe8
37.Qxe8 Rxe8 38.Rxb6 Ra8 39.Rc6 Ra5 40.h3 f4 41.hxg4 hxg4 42.g3 Kf7 43.gxf4 exf4
44.exf4 Ng6 45.Ne3 Nxf4 46.Nxg4 Ke7 47.Rf6 Nd3 48.Re6+  1-0

[Event "DEN-ch"]
[Site "Aarhus"]
[Date "1999.03.31"]
[Round "5"]
[White "Nielsen, Peter Heine"]
[Black "Fries Nielsen, Jens Ove"]
[Result "1-0"]
[WhiteElo "2515"]
[BlackElo "2447"]

1.d4 Nf6 2.c4 e6 3.Nc3 Bb4 4.Nf3 c5 5.g3 cxd4 6.Nxd4 O-O 7.Bg2 d5 8.cxd5 Nxd5
9.Qb3 Nc6 10.Nxc6 bxc6 11.O-O a5 12.Qc2 Ba6 13.Na4 Be7 14.a3 Bb5 15.Rd1 Bxa4
16.Qxa4 Qb6 17.Qc2 f5 18.e3 Bf6 19.Rb1 a4 20.Bd2 h6 21.Rdc1 Rfc8 22.b4 axb3
23.Rxb3 Qc7 24.e4 fxe4 25.Qxe4 Qd6 26.Bf1 Qe5 27.Qxe5 Bxe5 28.Bh3 Nc7 29.Rxc6 Rd8
30.Bc3 Rd6 31.Rxc7 Rd1+ 32.Kg2 Bxc7 33.Rb7 Bd6 34.Bxe6+ Kf8 35.Bxg7+ Ke8
36.Bd7+  1-0

[Event "Team Match 2nd"]
[Site "San Francisco"]
[Date "1999.03.31"]
[Round "8"]
[White "Mont Reynaud, Jordy"]
[Black "Watson, John L"]
[Result "1/2-1/2"]
[WhiteElo "2225"]
[BlackElo "2357"]

1.d4 Nf6 2.c4 e6 3.Nc3 Bb4 4.Nf3 b6 5.Bg5 h6 6.Bh4 g5 7.Bg3 Ne4 8.Qc2 Bb7
9.e3 Bxc3+ 10.bxc3 Nxg3 11.fxg3 g4 12.Ne5 Qg5 13.Qf2 f6 14.Nd3 Nc6 15.c5 Ne7
16.Be2 Nd5 17.Kd2 f5 18.Ne5 Nf6 19.Bd3 Be4 20.Qe2 bxc5 21.dxc5 O-O 22.Bc4 Rfe8
23.Bb3 Rad8 24.Rhd1 d6 25.cxd6 cxd6 26.Nc4 Bd5 27.Kc2 Bxc4 28.Bxc4 Ne4 29.Rab1 Rc8
30.Rb3 Qg7 31.Rd4 d5 32.Ba6 Rc7 33.Kb2 Nc5 34.Rbb4 Rd8 35.Kc2 Ne4 36.Rb3 e5
37.Rd1 Nc5 38.Rb4 Kh8 39.Qf1 e4 40.Bb5 Ne6 41.Rb3 Qe5 42.Kb2 Rb8 43.Kb1 Rxc3
44.Rxc3 Qxc3 45.Rxd5 Nc7 46.Qf4 Rxb5+ 47.Rxb5 Qd3+ 48.Kc1 Nxb5 49.Qe5+  1/2-1/2

[Event "DEN-chB"]
[Site "Aarhus"]
[Date "1999.04.05"]
[Round "7"]
[White "Pedersen, Nicolai Vesterbaek"]
[Black "Pedersen, Jan"]
[Result "1/2-1/2"]
[WhiteElo "2366"]
[BlackElo "2335"]

1.d4 Nf6 2.c4 e6 3.Nc3 Bb4 4.Nf3 b6 5.Qb3 Bxc3+ 6.Qxc3 Bb7 7.Bg5 Qe7 8.Nd2 h6
9.Bh4 Ne4 10.Bxe7 Nxc3 11.Ba3 Ne4 12.Nxe4 Bxe4 13.e3 a6 14.c5 b5 15.Bb4 Nc6
16.Bd2 O-O 17.f3 Bg6 18.Be2 e5 19.dxe5 Nxe5 20.Bc3  1/2-1/2

[Event "Mitropa Cup"]
[Site "Baden"]
[Date "1999.04.07"]
[Round "6"]
[White "Soln, Primoz"]
[Black "Lehner, Oliver"]
[Result "1/2-1/2"]
[WhiteElo "2425"]
[BlackElo "2408"]

1.d4 Nf6 2.c4 e6 3.Nc3 Bb4 4.Nf3 c5 5.g3 cxd4 6.Nxd4 O-O 7.Bg2 d5 8.Nc2 Bxc3+
9.bxc3 Qa5 10.O-O Qxc3 11.cxd5 exd5 12.Bd2 Qe5 13.Bf4 Qh5 14.Ne3 Nc6  1/2-1/2